Digital libraries: (Record no. 16531)

MARC details
000 -LEADER
fixed length control field 02784nam a22003618a 4500
005 - DATE AND TIME OF LATEST TRANSACTION
control field 20010117122637.0
008 - FIXED-LENGTH DATA ELEMENTS--GENERAL INFORMATION
fixed length control field 010110s2001 nyu 000 0 eng
010 ## - LCCN (DPL NO)
LC control number B-270205-215
020 ## - INTERNATIONAL STANDARD BOOK NUMBER
International Standard Book Number 8189913514
Terms of availability 750.00
035 ## - SYSTEM CONTROL NUMBER
System control number B-270205-215
040 ## - CATALOGING SOURCE
Original cataloging agency dpl
Language of cataloging English
082 ## - DEWEY DECIMAL CLASSIFICATION NUMBER
Classification number 025.00285
100 ## - MAIN ENTRY--PERSONAL NAME
Personal name Praven Singh, C.
245 ## - TITLE STATEMENT
Title Digital libraries:
Statement of responsibility, etc by C. Praveen Singh
Remainder of title tools & techniques /
260 ## - PUBLICATION, DISTRIBUTION, ETC. (IMPRINT)
Place of publication, distribution, etc New Delhi
Name of publisher, distributor, etc Alfa Publications
Date of publication, distribution, etc 2008
270 ## - ADDRESS
Address 4398/5, Ansari Road, Daryaganj,
City New Delhi
Postal code 110002
300 ## - PHYSICAL DESCRIPTION
Extent vi, 259p.
Dimensions 22cm (Hb)
500 ## - GENERAL NOTE
General note Includes bibliographical reference and index
942 ## - ADDED ENTRY ELEMENTS (KOHA)
Source of classification or shelving scheme Dewey Decimal Classification
Item type English Books
Call number suffix PRA
Classification part 025.00285
Holdings
Withdrawn status Lost status Source of classification or shelving scheme Damaged status Not for loan Collection code Home library Current library Date acquired Cost, normal purchase price Total Checkouts Total Renewals Full call number Barcode Date last seen Copy number Cost, replacement price Koha item type Source of acquisition
    Dewey Decimal Classification     Non-fiction Andrews Gunj Andrews Gunj 03/11/2008 750.00     025.00285 PRA B-270211 03/11/2008 1 750.00 English Books  
    Dewey Decimal Classification     Non-fiction Central Library Central Library 03/11/2008 750.00 4 6 025.00285 PRA B-270205 29/09/2021 1 750.00 English Books  
    Dewey Decimal Classification   Not For Loan Non-fiction Central Library Central Library 03/11/2008 750.00     025.00285 PRA B-270206 03/11/2008 1 750.00 English Books  
    Dewey Decimal Classification     Non-fiction Karol Bagh Karol Bagh 03/11/2008 750.00     025.00285 PRA B-270213 03/11/2008 1 750.00 English Books  
    Dewey Decimal Classification     Non-fiction Kasturba Gandhi Marg Kasturba Gandhi Marg 03/11/2008 750.00     025.00285 PRA B-270208 03/11/2008 1 750.00 English Books  
    Dewey Decimal Classification     Non-fiction Patel Nagar Patel Nagar 03/11/2008 750.00     025.00285 PRA B-270207 03/11/2008 1 750.00 English Books  
    Dewey Decimal Classification     Non-fiction R.K.Puram-8 R.K.Puram-8 03/11/2008 750.00 1 1 025.00285 PRA B-270210 31/10/2023 1 750.00 English Books  
    Dewey Decimal Classification     Non-fiction Sarojini Nagar Sarojini Nagar 03/11/2008 750.00     025.00285 PRA B-270209 03/11/2008 1 750.00 English Books  
    Dewey Decimal Classification     Non-fiction Shahdara Branch Shahdara Branch 03/11/2008 750.00 4 1 025.00285 PRA B-270214 22/07/2022 1 750.00 English Books  
    Dewey Decimal Classification     Non-fiction Sriniwas Puri Sriniwas Puri 03/11/2008 750.00     025.00285 PRA B-270212 03/11/2008 1 750.00 English Books  
    Dewey Decimal Classification     Non-fiction Vinoba Puri Vinoba Puri 03/11/2008 750.00 1   025.00285 PRA B-283311 05/04/2019 1 750.00 English Books Alfa Pub/IN209/28.7.08/109/21.7.08/28.7.08
    Dewey Decimal Classification     Non-fiction Yojana Vihar Yojana Vihar 03/11/2008 750.00     025.00285 PRA B-270215 03/11/2008 1 750.00 English Books  

© Delhi Public Library
Hit Counter
free hit counter